Pilotes de Formule 1 avec le plus de victoires - Statistiques

Statistiques générales
  • Ce quiz a été pris 870 fois
  • Le résultat moyen est 15 sur 22
Statistiques - réponses
nombre de victoires Pilote % Correct
103 Lewis Hamilton
100%
41 Max Verstappen
97%
91 Michael Schumacher
97%
41 Ayrton Senna
94%
53 Sebastian Vettel
94%
51 Alain Prost
93%
32 Fernando Alonso
91%
21 Kimi Raikkonen
75%
23 Nico Rosberg
75%
24 Juan Manuel Fangio
71%
25 Niki Lauda
68%
22 Damon Hill
64%
14 Graham Hill
63%
20 Mika Hakkinen
63%
15 Jenson Button
61%
23 Nelson Piquet
56%
31 Nigel Mansell
51%
27 Jackie Stewart
46%
14 Emerson Fittipaldi
38%
25 Jim Clark
38%
14 Jack Brabham
30%
16 Stirling Moss
16%
Aucun quiz correspondant
Distribution des résultats
% des personnes avec chaque résultat
Percentile par nombre de réponses
Votre historique - résultats
Vous n’avez pas pris ce quiz